000 nam a22 a 4500
999 _c57093
_d57093
003 BLK
005 20221115093127.0
008 180408b bul|||||r ||||||| ||bul||
010 _aKNG00061082000
040 _aBLK
041 _aDEU
_cDEU
_hBUL
080 _aИкономика. Икономически науки
_b33
_x(038)=30=867
_z33(038)=30=867
080 _aРазлични категории думи
_b81`373.4
_x=30=867:33
_z81`373.4=30=867:33
100 1 _aМанова-Томова, Василка
_eпърви автор
_9287335
139 _aМанова-Томова, Василка и др.
_bМ 27
245 1 0 _aКратък немско-български икономически речник
_bЗа всички курсове и спец. на ВИИ К. Маркс - София
_cВасилка Манова-Томова; съавт. Ели Василева-Бойчева; съавт. Иззет Есадов.
257 _aBGR
260 _bВИИ Карл Маркс
_c1977
_aСофия
300 _a612 с.
_c22 см
380 _a3
500 _aКор. Ели Василева-Бойчева, Вера Манова-Томова и Иззет Есадов. Кратък немско-български икономически речник. - Офс. изд. - 1 200 тир.
650 4 _aИкономика - терминология - речници, немско-български
_9287338
653 _aикономика
653 _aтерминологични речници
653 _aнемски език
653 _aбългарски език
700 1 _aВасилева-Бойчева, Ели
_eсъавт.
_9287337
700 1 _aЕсадов, Иззет
_eсъавт.
_967597
852 _aЦб 91152
_bЦб
856 4 _qpdf
_i0.00
_ldisable
856 4 _qpdf
_i0.00
_ldisable
942 _cKNG
_n0
_s1
944 _aCR
_c13.06.2004
_kЧиталня
944 _aED
_c01.02.2017
_kЛюдмила_Стоянова
944 _aED
_c2022-11-15
_kМикаела Микова-Илиева
999 _d57093